000 00922nam a22002777a 4500
001 7671
003 FISKH
005 20250730151805.0
008 250730b cb ||||| |||| 00| 0 eng d
040 _aFISKH
_beng
_cFISKH
_dFISKH
050 _aPE1119.S525
082 _a153.7
100 _aShapp, Martha
245 _aLet's find out what's big and what's small /
_cBy Martha and Charles Shapp ; Pictures by Carol Nicklaus
260 _aNew York :
_bFranklin Watts,
_c1959.
300 _a40 pages :
_bcolor illustrations ;
_c23 cm
505 _aE
520 _aExplains the differences between big and small pointing out that it is sometimes difficult to tell.
521 8 _a160
_bLexile estimate
521 8 _aE
_bRaz-Plus
650 _abig and Small Children's
_vScience
700 _aShapp, Charles
_eAuthor
700 _aNicklaus, Carol
_eIllustrator
942 _2ddc
_cBK
_n0
999 _c7671
_d7671